000 00451nam a22001697a 4500
003 NUST - PNEC
005 20170116181157.0
008 160113b xxu||||| |||| 00| 0 eng d
020 _a-
040 _cLIBRARY
082 _a891.4391 ABU
100 _916014
_aAbu Mohammad Muslah
245 _aQuran aur Iqbal
_cAbu Mohammad Muslah
260 _aLahore:
_bSang-e-Meel Publications,
650 _916015
_aUrdu Literature
_xGeneral
942 _2ddc
_cBK
999 _c71259
_d71259